| 000 | 01515nam a2200337 a 4500 | ||
|---|---|---|---|
| 001 | 000045449 | ||
| 003 | DO-SdBNP | ||
| 005 | 20221118085729.0 | ||
| 007 | 000045449 | ||
| 008 | 150325s2015 dr abc 000 0 spa d | ||
| 020 | _a9789945082128 | ||
| 040 |
_aBPMSU _bspa _cBPMSU |
||
| 082 | 4 |
_a338.18 _bP977f 2015 _222 |
|
| 100 | 1 |
_aPuello Nina, Rafael Bienvenido, _d1955- |
|
| 245 | 1 | 3 |
_aLa frontera dominico-haitiana : _bun espacio para la humanización y el desarrollo sostenible el caso Macasías, provincia Elías Piña / _cRafael Bienvenido Puello Nina ; edición Héctor Luis Martínez ; presentación Bolívar Troncoso Morales. |
| 260 |
_aSanto Domingo : _b Instituto Panamericano de Geografía e Historia, _c2015. _b |
||
| 300 |
_a286 p. : _bil., mapas, retrs. ; _c23 cm. |
||
| 500 | _aIncluye datos biográficos del autor en las solapas | ||
| 500 | _aIncluye referencias bibliográficas y notas al pie de las páginas | ||
| 504 | _aBibliografía : p. 161-169 | ||
| 590 | _6Inventariado, 2022/VM | ||
| 650 | 4 |
_aDesarrollo sostenible _zRepública Dominicana. |
|
| 650 | 4 |
_aAdministración agrícola _zMacasías (Elías Piña, República Dominicana) |
|
| 650 | 4 | _a | |
| 651 | 4 |
_aElías Piña (República Dominicana ) _xAspectos económicos y sociales _2 |
|
| 700 | 1 |
_aMartínez, Héctor Luis, _eed. |
|
| 700 | 1 |
_aTroncoso Morales, Bolívar, _epresentación |
|
| 710 | 2 | _aInstituto Panamericano de Geografía e Historia, (República Dominicana) | |
| 910 | _aVMateo V./Validado | ||
| 942 |
_2ddc _cBK |
||
| 999 |
_c8228 _d8228 |
||